01446nam a2200337 a 4500001001000000003000500010005001700015008004100032010001100073011001100084040000900095090001000104100003600114245014500150260004100295500006000336502012000396590004100516590004000557590004000597650004500637650005000682651006100732856007000793901000700863942001000870942000600880999001900886952011400905952008901019000115601CHAP20220329144541.0190612s2019 mx | |sm |||||||spa d a112062 a113034 cCHAP aTesis1 aNieto Torres, Salvador.913604210aPosibles impctos económicos, sociales y en el entorno local del NAICM en el Municipio de Texcocoh[En línea]cpor Salvador Nieto Torres. aChapingo, Méx. :bEl autor,c2019. aPara ver el contenido del material haga clic en la liga aTesis (M. C. en Economía y de los Recursos Naturales) -- UACH. División de Ciencias Económico-Administrativas aBATCH-UPDb05c20190612lUCH01h1541 aE6337LMJb05c20190612lUCH01h1541 aE6337LMJb05c20190612lUCH01h154114aImpacto ambientalxEvaluación.913141414aMéxico (Edo.)xCondiciones sociales.976825 aTexcoco, México (Edo.)xDesarrollo económico9136043 aFinding aiduhttp://10.13.5.2/tesis/sist115601.pdfzTeclea aquí aBK cTESIS n0 c112062d112062 00102local40718TESISaBCbBCd2019-06-12fTESISl0oTesisp115611-10r2019-12-31 00:00:00w2019-06-12yCD 00102ddc40708TesDigMaBDbBDd2023-02-07l0r2023-02-07 00:00:00w2023-02-07yTD